| 000 | 00723nam a22002177a 4500 | ||
|---|---|---|---|
| 999 |
_c4457 _d4457 |
||
| 003 | AR-CdUCM | ||
| 008 | 190308b ||||| |||| 00| 0 spa d | ||
| 040 |
_aMUNICIPALIDAD PROVINCIAL DEL CUSCO _cBIBLIOTECA MUNICIPAL DEL CUSCO |
||
| 082 |
_a708 / _bB22 |
||
| 110 |
_aB.C.R.P. _914020 |
||
| 245 |
_aBanco Central de Reserva del Perú : _b1922 - 1972/ |
||
| 260 |
_aLima: _bB.C.R.P., _c1972 |
||
| 300 |
_bFotografias en color, _c30 cm. |
||
| 505 | _aReseña -- Presidentes del Banco -- Pinacoteca del Banco -- Cerámica -- Numismatica... | ||
| 650 |
_aFotografía _94511 |
||
| 650 |
_aArte _9561 |
||
| 650 |
_aColección _92826 |
||
| 700 |
_aDiagramacion : Omar Dávila Z. _914021 |
||
| 942 |
_2ddc _cLIBROS |
||
| 945 | _admma | ||